000 00337nam a2200145Ia 4500
008 230917s9999||||xx |||||||||||||| ||und||
040 _e20888
_aMAIN
041 _aEnglish
082 _a-1BP 45.007
100 _aof PompeiiMagagnini,
245 0 _al Arts
260 _aa, Arano
_bldVarcelli
_cWhit
300 _ae S p.
942 _cBK
999 _c180707
_d180707